header

Experiencing the new genetics (Record no. 126296)

MARC details
000 -LEADER
fixed length control field 01548nam a2200397 a 4500
082 04 - DEWEY DECIMAL CLASSIFICATION NUMBER
Classification number 306.4/61
100 1# - MAIN ENTRY--AUTHOR NAME
Personal name Finkler, Kaja.
245 10 - TITLE STATEMENT
Title Experiencing the new genetics
260 ## - PUBLICATION, DISTRIBUTION, ETC. (IMPRINT)
Place of publication Philadelphia :
Name of publisher University of Pennsylvania Press,
Year of publication c2000.
300 ## - PHYSICAL DESCRIPTION
Number of Pages xiv, 276 p.
505 0# - FORMATTED CONTENTS NOTE
Formatted contents note pt. 1. Setting the stage : kinship and genetics -- pt. 2. Setting out people's experience -- pt. 3. Implications.
650 #0 - SUBJECT ADDED ENTRY--TOPICAL TERM
Topical Term Families.
Topical Term Heredity, Human
Topical Term Kinship.
Topical Term Medical genetics
Topical Term Families
856 40 - ELECTRONIC LOCATION AND ACCESS
Uniform Resource Identifier http://site.ebrary.com/lib/rucke/Doc?id=10491959

No items available.

© 2026 Rongo University
Contact us: librarian | system librarian | Rongo university